000 00868nam a2200289Ia 4500
003 OSt
005 20221007121726.0
006 a|||||r|||| 00| 0
007 ta
008 221006b |||||||| |||| 00| 0 eng d
020 _cRs.50.00
024 _a6368
037 _cTextual
040 _aBDL
_cBDL
_beng
041 _2eng
_aeng
082 _aI,12g, N1 Carb
100 _aMascarenhas A F Comp
_9712820
245 0 _aHandbook of plant tissue culture
260 _aNew
_bDelhi Indian Council of Agricultural Research
_c1991
300 _avii,182p
_ccm.
500 _aAppendices I-XXVII,123-142p; Bibliography 143-162p; Glossary 163-166p; Index 171-182p
650 _a Handbook
_9279951
650 _a Tissue
_9712631
650 _aBotany
942 _hI,12g, N1 Carb
_cTEXL
_2CC
999 _c1209259
_d1209259